Adolescent se speciálními vzdělávacími potřebami /
Uloženo v:
| Hlavní autor: | |
|---|---|
| Médium: | Kniha |
| Jazyk: | Czech |
| Vydáno: |
Praha :
Grada,
2026
|
| Vydání: | Vydání 1. |
| Edice: | Pedagogika (Grada)
|
| Témata: | |
| Celkem bylo vypůjčeno: | 0x |
| Tagy: |
Žádné tagy |
| LEADER | 02543nam a2200661 i 4500 | ||
|---|---|---|---|
| 001 | 106278 | ||
| 003 | CZ PrNK | ||
| 005 | 20260511101419.0 | ||
| 007 | ta | ||
| 008 | 260226s2026 xr a f 000 0 cze | ||
| 015 | |a cnb003742770 | ||
| 020 | |a 9788027160341 |q (brožováno) : |c Kč 399,00 | ||
| 040 | |a ABA001 |b cze |d OLA001 |e rda | ||
| 041 | 0 | |a cze |b cze |b eng | |
| 072 | 7 | |a 376 |x Výchova a vzdělávání zvláštních skupin osob |2 Konspekt |9 22 | |
| 080 | |a 316.346.32-053.67 |2 MRF | ||
| 080 | |a 376.013.77 |2 MRF | ||
| 080 | |a 376.04 |2 MRF | ||
| 080 | |a 37.04 |2 MRF | ||
| 080 | |a 616.1/.9-052-07/-08 |2 MRF | ||
| 080 | |a 303.62 |2 MRF | ||
| 080 | |a 373.5+377 |2 MRF | ||
| 080 | |a (437.3) |2 MRF | ||
| 080 | |a (048.8) |2 MRF | ||
| 100 | 1 | |a Švamberk Šauerová, Markéta, |d 1971- |7 mub2013744018 |4 aut |9 112025 | |
| 245 | 1 | 0 | |a Adolescent se speciálními vzdělávacími potřebami / |c Markéta Švamberk Šauerová |
| 250 | |a Vydání 1. | ||
| 264 | 1 | |a Praha : |b Grada, |c 2026 | |
| 300 | |a 239 stran : |b ilustrace ; |c 24 cm | ||
| 336 | |a text |b txt |2 rdacontent | ||
| 337 | |a bez média |b n |2 rdamedia | ||
| 338 | |a svazek |b nc |2 rdacarrier | ||
| 490 | 1 | |a Pedagogika | |
| 500 | |a Obsahuje QR kódy s přístupem k rozšiřujícím materiálům | ||
| 504 | |a Obsahuje bibliografie a bibliografické odkazy | ||
| 546 | |a České a anglické resumé | ||
| 650 | 0 | 7 | |a adolescenti |7 ph195464 |2 czenas |
| 650 | 0 | 7 | |a speciálněpedagogická diagnostika |7 ph751240 |2 czenas |
| 650 | 0 | 7 | |a speciální vzdělávací potřeby |7 ph754025 |2 czenas |
| 650 | 0 | 7 | |a podpůrná opatření (vzdělávání) |7 ph889939 |2 czenas |9 4116 |
| 650 | 0 | 7 | |a kazuistiky (lékařství) |7 ph122501 |2 czenas |
| 650 | 0 | 7 | |a dotazníkové šetření |7 ph1126913 |2 czenas |
| 650 | 0 | 7 | |a střední školy |7 ph116320 |z Česko |2 czenas |
| 650 | 0 | 9 | |a adolescents |2 eczenas |
| 650 | 0 | 9 | |a special educational diagnostics |2 eczenas |
| 650 | 0 | 9 | |a special educational needs |2 eczenas |
| 650 | 0 | 9 | |a supportive measures (education) |2 eczenas |
| 650 | 0 | 9 | |a casuistry (medicine) |2 eczenas |
| 650 | 0 | 9 | |a questionnaire survey |2 eczenas |
| 650 | 0 | 9 | |a secondary schools |z Czechia |2 eczenas |
| 655 | 7 | |a monografie |7 fd132842 |2 czenas |9 53720 | |
| 655 | 9 | |a monographs |2 eczenas | |
| 710 | 2 | |a Grada (nakladatelství) |7 kn20080316009 |4 pbl |9 117315 | |
| 830 | 0 | |a Pedagogika (Grada) | |
| 910 | |a UOG502 | ||
| 942 | |2 ddc |c KN | ||
| 999 | |d 106278 | ||
| 993 | |0 0 |1 421180107002 |2 ddc |4 0 |6 37_000000000000000 |7 0 |9 99645 |b 0 |c 107002 |d 2026-05-11 |e 0 |f DOSP |g 37 |h 399.00 |i Koupě |l DOSP |r 2026-05-11 |t 5 |w 2026-05-11 |y KN |z NAUCNA |n | ||